00999nam a2200241 a 450000100100000000500170001000800410002702000150006802000150008302000150009804000250011308200150013810000350015324500760018826000560026430000240032050000470034471000250039195201080041695201080052495201080063299900170074000004079420201002034402.0130906s1990 sp a 000 0 spa d a8472325415 a8472325938 a8472325423 aDO-SdBNPbspacBNPHU axxxxbxxxx1 aMartínez Compañón96721610aTrujillo del Perú. /cMartínez Compañón; fotográfia, Reproaf. aMadrid, :bEdiciones de Cultura Hispánica,c1990. av. :bil. ;c25 cm. aLa biblioteca posee los volumenes 7, 8 y 91 aReproafefot.967217 001050718MOaGRbGRcCTd2013-09-06iLF1l0ov. 7p40794-10r2020-06-25w2020-06-25y1ZNo se presta 001050718MOaGRbGRcCTd2013-09-06iLF1l0ov. 8p40794-20r2020-06-25w2020-06-25y1ZNo se presta 001050718MOaGRbGRcCTd2013-09-06iLF1l0ov. 9p40794-30r2020-06-25w2020-06-25y1ZNo se presta c40284d40284